[Event "Weymouth Minor op"]
[Site "Weymouth"]
[Date "2008.10.25"]
[Round "3"]
[White "Lister, Neil"]
[Black "Ariss, John A"]
[Result "1-0"]
[WhiteElo "1584"]
[BlackElo "1368"]
[PlyCount "53"]
[EventDate "2008.10.24"]
[EventType "swiss"]
[EventRounds "5"]
[EventCountry "ENG"]
[SourceTitle "EXT 2011"]
[Source "ChessBase"]
[SourceDate "2010.11.26"]
[SourceVersion "1"]
[SourceVersionDate "2010.11.26"]
[SourceQuality "1"]

1. d4 f5 2. e4 d6 3. Nc3 g6 4. Bc4 Nf6 5. f3 c6 6. Nge2 Bg7 7. 0-0 b5 8. Bd3 e6 9. Be3 0-0 10. Qd2 Nbd7 11. Bg5 Qe8 12. Rae1 Qf7 13. exf5 exf5 14. a3 Nb6 15. b3 Nfd5 16. Nxd5 Qxd5 17. c3 Bb7 18. Nf4 Qxb3 19. Ne6 Rfe8 20. Nxg7 Rxe1 21. Rxe1 Nd5 22. Ne8 Qxa3 23. Nf6+ Nxf6 24. Bxf6 d5 25. Re7 Qa6 26. Qh6 Qa1+ 27. Bf1 1-0